| 000 | 05724cam a22014534i 4500 | ||
|---|---|---|---|
| 001 | u7743 | ||
| 003 | PE-LiUPU | ||
| 005 | 20250813185643.0 | ||
| 008 | 150616s1991 mx rb 001 0 spa d | ||
| 020 | _a9681803396 | ||
| 020 | _a9789681803391 | ||
| 035 | _a(Sirsi) i9789681803391 | ||
| 040 |
_aPE-LiUPU _bspa _cPE-LiUPU _dPE-LiUPU _erda |
||
| 049 | _aPRUA | ||
| 082 | 0 | 4 |
_a338.19 _bB391991 _221 |
| 100 | 1 |
_aBerg, Alan, _eautor. |
|
| 245 | 1 | 0 |
_aEstudios sobre nutrición : _bsu importancia en el desarrollo socioeconómico / _cAlan Berg. |
| 264 | 1 |
_aMéxico : _bLimusa, _c1991. |
|
| 300 |
_a344 páginas ; _c25 centímetros |
||
| 336 |
_atext _2rdacontent |
||
| 337 |
_aunmediated _2rdamedia |
||
| 338 |
_avolume _2rdacarrier |
||
| 504 | _aBibliografía: páginas 299-327. | ||
| 504 | _aÍndice: páginas 329-344. | ||
| 505 | 0 | _aEl problema de la desnutrición -- La desnutrición y el desarrollo -- Una mejor nutrición y el dilema de la población -- El crecimiento económico, los ingresos y la nutrición -- Efectos de los adelantos agrícolas en la nutrición -- Educación para una mejor nutrición -- Crisis en las prácticas de la alimentación de los lactantes -- Los nuevos alimentos -- Problemas y potencial de la industria privada -- Los programas públicos de nutrición infantil -- Lecciones derivadas del experimento hindú -- Tendencias de la política y necesidades de los programas. | |
| 526 | _aP202 | ||
| 526 | _aP201 | ||
| 526 | _aP163 | ||
| 526 | _aP162 | ||
| 526 | _aP161 | ||
| 526 | _aP160 | ||
| 526 | _aP148 | ||
| 526 | _aP147 | ||
| 526 | _aP146 | ||
| 526 | _aP145 | ||
| 526 | _aP144 | ||
| 526 | _aP143 | ||
| 526 | _aP142 | ||
| 526 | _aP141 | ||
| 526 | _aP140 | ||
| 526 | _aP139 | ||
| 526 | _aP138 | ||
| 526 | _aP137 | ||
| 526 | _aP136 | ||
| 526 | _aP135 | ||
| 526 | _aP134 | ||
| 526 | _aP133 | ||
| 526 | _aP129 | ||
| 526 | _aP128 | ||
| 526 | _aP127 | ||
| 526 | _aP120 | ||
| 526 | _aP119 | ||
| 526 | _aP118 | ||
| 526 | _aP116 | ||
| 526 | _aP115 | ||
| 526 | _aP114 | ||
| 526 | _aP110 | ||
| 526 | _aP109 | ||
| 526 | _aP108 | ||
| 526 | _aP104 | ||
| 526 | _aP103 | ||
| 526 | _aP102 | ||
| 526 | _aP99 | ||
| 526 | _aP98 | ||
| 526 | _aP97 | ||
| 526 | _aP96 | ||
| 526 | _aP95 | ||
| 526 | _aP93 | ||
| 526 | _aP90 | ||
| 526 | _aP89 | ||
| 526 | _aP88 | ||
| 526 | _aP83 | ||
| 526 | _aP82 | ||
| 526 | _aP62 | ||
| 526 | _aP59 | ||
| 526 | _aP58 | ||
| 526 | _aP57 | ||
| 526 | _aP51 | ||
| 526 | _aP49 | ||
| 526 | _aP48 | ||
| 526 | _aP47 | ||
| 526 | _aP29 | ||
| 526 | _aP24 | ||
| 526 | _aP20 | ||
| 526 | _aP19 | ||
| 526 | _aP17 | ||
| 526 | _aP15 | ||
| 526 | _aP14 | ||
| 526 | _aP12 | ||
| 526 | _aP10 | ||
| 526 | _aP09 | ||
| 526 | _aP08 | ||
| 526 | _aP07 | ||
| 526 | _aP06 | ||
| 526 | _aP05 | ||
| 526 | _aP04 | ||
| 526 | _aP01 | ||
| 596 | _a1 2 3 | ||
| 650 | 0 | 4 |
_aNutrición. _9394 |
| 910 |
_ajck _bjvq _cjck |
||
| 942 |
_2ddc _cBOOK |
||
| 949 |
_a338.19 B39 1991 _wDEWEY _c1 _i34105 _e2017-4-3 _f2018-2-11 _g2 _lCCODEBUL1 _mBUL _n1 _r0 _sY _tBOOK _u2015-6-16 _xSALUD _zUNKNOWN _0COMPRA _o.STAFF. Colección Ciencias de la Salud |
||
| 949 |
_a338.19 B39 1991 _wDEWEY _c1 _iFT00336 _lCCODEBUT1 _mBUT _p15.00 _r0 _sY _tBOOK _u2015-12-9 _xBIBLIOTECA _zUNKNOWN _0DONACION _o.STAFF. Colección General |
||
| 949 |
_a338.19 B39 1991 _wDEWEY _c2 _i32969 _f2018-2-11 _g2 _lCCODEBUL1 _mBUL _r0 _sY _tBOOK _u2015-6-16 _xSALUD _zUNKNOWN _0COMPRA _o.STAFF. Colección General |
||
| 949 |
_a338.19 B39 1991 _wDEWEY _c2 _iFT00971 _lCCODEBUT1 _mBUT _p15.00 _r0 _sY _tBOOK _u2015-12-9 _xBIBLIOTECA _zUNKNOWN _0DONACION _o.STAFF. Colección General |
||
| 949 |
_a338.19 B39 1991 _wDEWEY _c3 _i41254 _f2018-2-11 _g2 _lCCODEBUL1 _mBUL _r0 _sY _tBOOK _u2015-6-16 _xSALUD _zUNKNOWN _0COMPRA _o.STAFF. Colección General |
||
| 949 |
_a338.19 B39 1991 _wDEWEY _c4 _i16914 _f2018-2-11 _g2 _lCCODEBUL1 _mBUL _r0 _sY _tBOOK _u2015-6-16 _xSALUD _zUNKNOWN _0COMPRA _o.STAFF. Colección General |
||
| 949 |
_a641 B39 _wDEWEY _c1 _iFJ07896 _f2017-12-28 _g1 _lCCODEBUJ1 _mBUJ _p15.00 _r0 _sY _tBOOK _u2017-5-30 _xINGENIERIA _PP26 _0COMPRA _o.STAFF. Colección General Juliaca |
||
| 994 |
_aC0 _bPEPRU |
||
| 999 |
_a338.19 B39 1991 _wDEWEY _c59020 _i34105 _e2017-4-3 _f2021-11-3 _g5 _lCCODEBUL1 _mBUL _n1 _p15.00 _r0 _sY _tBOOK _u2015-6-16 _xSALUD _zUNKNOWN _0COMPRA _o.STAFF. Colección Ciencias de la Salud _d59020 |
||
| 999 |
_a338.19 B39 1991 _wDEWEY _c2 _i32969 _f2019-12-9 _g4 _lDISCARD _mBUL _r0 _sY _tBOOK _u2015-6-16 _xSALUD _zUNKNOWN _0COMPRA _o.STAFF. Colección General |
||
| 999 |
_a338.19 B39 1991 _wDEWEY _c3 _i41254 _f2019-12-9 _g4 _lDISCARD _mBUL _r0 _sY _tBOOK _u2015-6-16 _xSALUD _zUNKNOWN _0COMPRA _o.STAFF. Colección General |
||
| 999 |
_a338.19 B39 1991 _wDEWEY _c4 _i16914 _f2019-12-9 _g4 _lDISCARD _mBUL _r0 _sY _tBOOK _u2015-6-16 _xSALUD _zUNKNOWN _0COMPRA _o.STAFF. Colección General |
||
| 999 |
_a338.19 B39 1991 _wDEWEY _c1 _iFT00336 _f2019-2-20 _g1 _lCCODEBUT1 _mBUT _p15.00 _r0 _sY _tBOOK _u2015-12-9 _xBIBLIOTECA _zUNKNOWN _0DONACION _o.STAFF. Colección General |
||
| 999 |
_a338.19 B39 1991 _wDEWEY _c2 _iFT00971 _f2019-2-20 _g1 _lCCODEBUT1 _mBUT _p15.00 _r0 _sY _tBOOK _u2015-12-9 _xBIBLIOTECA _zUNKNOWN _0DONACION _o.STAFF. Colección General |
||
| 999 |
_a641 B39 _wDEWEY _c1 _iFJ07896 _d2019-10-15 _f2022-1-26 _g4 _lCCODEBUJ1 _mBUJ _p15.00 _q5 _r0 _sY _tBOOK _u2017-5-30 _xINGENIERIA _PP26 _0COMPRA _o.STAFF. Colección General Juliaca |
||
| 980 |
_81 _gALBERTO SANCHEZ Responsable de Automatización |
||